000
00321nam a22001457a 4500
020
_a
0-14-100721-4
082
_a
920
_b
FRA/D
100
_a
FRANK,OTTO H
100
_a
PRESSLER,MIRJAM
245
_a
THE DIARY OF A YOUNG GIRL
260
_a
LONDON
_b
PENGUIN BOOKS
300
_a
426
650
_a
DIARY
_z
LONDON
942
_c
BK
999
_c
5093
_d
5093